Mechatronics : (Record no. 31944)

000 -LEADER
fixed length control field 02524cam a22004697a 4500
001 - CONTROL NUMBER
control field 7865621
003 - CONTROL NUMBER IDENTIFIER
control field OSt
005 - DATE AND TIME OF LATEST TRANSACTION
control field 20211014162139.0
006 - FIXED-LENGTH DATA ELEMENTS--ADDITIONAL MATERIAL CHARACTERISTICS
fixed length control field m d
007 - PHYSICAL DESCRIPTION FIXED FIELD--GENERAL INFORMATION
fixed length control field cr n
008 - FIXED-LENGTH DATA ELEMENTS--GENERAL INFORMATION
fixed length control field 070717s2006 ne a sb 001 0 eng d
015 ## - NATIONAL BIBLIOGRAPHY NUMBER
National bibliography number GBA677361
Source bnb
016 7# - NATIONAL BIBLIOGRAPHIC AGENCY CONTROL NUMBER
Record control number 97963069X
Source GyFmDB
016 7# - NATIONAL BIBLIOGRAPHIC AGENCY CONTROL NUMBER
Record control number 013535339
Source Uk
020 ## - INTERNATIONAL STANDARD BOOK NUMBER
International Standard Book Number 9781402046957 (hd.bd.)
035 ## - SYSTEM CONTROL NUMBER
System control number (WaSeSS)ssj0000200191
038 ## - RECORD CONTENT LICENSOR
Staff Name khadija
040 ## - CATALOGING SOURCE
Original cataloging agency OHX
Transcribing agency OHX
Modifying agency BAKER
-- UKM
-- HNK
-- CVM
-- XTL
-- YDXCP
-- DLC
-- WaSeSS
042 ## - AUTHENTICATION CODE
Authentication code lccopycat
050 #4 - LIBRARY OF CONGRESS CALL NUMBER
Classification number TJ163.12
Item number .P74 2006
072 #7 - SUBJECT CATEGORY CODE
Subject category code TJ
Source lcco
082 04 - DEWEY DECIMAL CLASSIFICATION NUMBER
Classification number 621
Edition number 22
Author Mark PRE
100 1# - MAIN ENTRY--PERSONAL NAME
Personal name Preumont, André.
9 (RLIN) 83030
210 10 - ABBREVIATED TITLE
Abbreviated title Mechatronics
245 10 - TITLE STATEMENT
Title Mechatronics :
Remainder of title Dynamics of Electromechanical and Piezoelectric Systems /
Statement of responsibility, etc. by A. Preumont.
260 ## - PUBLICATION, DISTRIBUTION, ETC.
Place of publication, distribution, etc. Dordrecht :
Name of publisher, distributor, etc. Springer,
Date of publication, distribution, etc. c2006.
490 1# - SERIES STATEMENT
Series statement Solid mechanics and its applications ;
Volume/sequential designation v. 136
504 ## - BIBLIOGRAPHY, ETC. NOTE
Bibliography, etc. note Includes bibliographical references and index.
505 0# - FORMATTED CONTENTS NOTE
Formatted contents note Lagrangian dynamics of mechanical systems -- Dynamics of electrical networks -- Electromechanical systems -- Piezoelectric systems -- Piezoelectric laminates -- Active and passive damping with piezoelectric transducers.
506 ## - RESTRICTIONS ON ACCESS NOTE
Terms governing access License restrictions may limit access.
520 ## - SUMMARY, ETC.
Summary, etc. This volume treats Lagrange's equations for electromechanical systems, including piezoelectric tranducers and selected applications. It is essentially an extension to piezoelectric systems of the work by Crandall et al.: Dynamcs of Mechanical and Electromechanical Sysyems, McGraw-Hill, published in 1968. The first three chapters contain classical meterial based on this and other well-known standard texts in the field, such as Methods of Analltical Dynamics by L. Meirovitch, McGraw-Hill, 1970. Some applications are new (e.g. geophone). Chapters 4 to 6 consist of new material which has not been published in a mongraph before. They deal with piezoelectric systems in a unified way, starting from a lagrangian approach.
563 ## - BINDING INFORMATION
Binding note Hardcover
650 #0 - SUBJECT ADDED ENTRY--TOPICAL TERM
Topical term or geographic name entry element Mechatronics.
9 (RLIN) 35774
650 #0 - SUBJECT ADDED ENTRY--TOPICAL TERM
Topical term or geographic name entry element Dynamics.
9 (RLIN) 7202
650 #0 - SUBJECT ADDED ENTRY--TOPICAL TERM
Topical term or geographic name entry element Piezoelectric transducers.
9 (RLIN) 83160
650 #0 - SUBJECT ADDED ENTRY--TOPICAL TERM
Topical term or geographic name entry element Electromechanical devices.
9 (RLIN) 83161
773 #0 - HOST ITEM ENTRY
Title SpringerLink ebooks - Engineering (2006)
830 #0 - SERIES ADDED ENTRY--UNIFORM TITLE
Uniform title Solid mechanics and its applications ;
Volume/sequential designation v. 136
9 (RLIN) 83162
856 40 - ELECTRONIC LOCATION AND ACCESS
Uniform Resource Identifier <a href="http://www.columbia.edu/cgi-bin/cul/resolve?clio7865621">http://www.columbia.edu/cgi-bin/cul/resolve?clio7865621</a>
Public note Full text available from SpringerLink ebooks - Engineering (2006)
910 ## - USER-OPTION DATA (OCLC)
User-option data Library of Congress record
942 ## - ADDED ENTRY ELEMENTS (KOHA)
Source of classification or shelving scheme
Koha item type Book
Holdings
Withdrawn status Lost status Source of classification or shelving scheme Damaged status Not for loan Permanent Location Current Location Shelving location Date acquired Full call number Barcode Date last seen Price effective from Koha item type Public note
          School of Mechanical & Manufacturing Engineering (SMME) School of Mechanical & Manufacturing Engineering (SMME) General Stacks 07/13/2015 621 PRE SMME-504 03/28/2018 07/13/2015 Book Rack,38-Shelf,5
© 2023 Central Library, National University of Sciences and Technology. All Rights Reserved.